Statistiken für Hauptstädte, die mit A beginnen

Klicken Sie hier um das Quiz zu spielen!

Allgemein

  • Dieses Quiz wurde 159 mal gespielt
  • Das Durchschnittsergebnis liegt bei 9 aus 15

Antwortstatistiken

Hauptstadt% Korrekt
Amsterdam
85%
Athen
81%
Ankara
76%
Algier
71%
Addis Abeba
67%
Asunción
65%
Andorra la Vella
64%
Abuja
63%
Accra
63%
Antananarivo
62%
Amman
55%
Aşgabat
54%
Abu Dhabi
52%
Asmara
52%
Apia
37%

Verteilung der Resultate

Perzentil nach korrekt beantworteten Fragen

Anzahl Personen mit jedem Resultat

Ihre Resultats-Entwicklung

Sie haben dieses Quiz noch nicht gespielt